Cantate Der glorreiche Augenblick : The glorious moment : op. 136 ; Cantate auf die Erhebung Leopold des Zweiten zur Kaiserwürde = Cantata on the elevation of Leopold II to the imperial dignity : WoO 88.

Bibliographic Details
Main Author: Beethoven, Ludwig van, 1770-1827
Corporate Authors: Collegiate Chorale (Performer), Orchestra of St. Luke's (Performer)
Other Authors: Voigt, Deborah (Vocalist), Futral, Elizabeth (Vocalist), Cross, Gregory (Vocalist), Opalach, Jan (Vocalist), Bass, Robert, 1953-2008 (Conductor)
Format: CD Audio
Language:German
Published: Port Washington, N.Y. : Koch International Classics, [1997]
Subjects:

MARC

Tag First Indicator Second Indicator Subfields
LEADER 00000cjm a2200000 a 4500
001 in00001406582
005 20151020072803.0
007 sd fsngnnmlned
008 970617s1997 nyuctn d ger d
024 1 |a 099923737728 
028 0 2 |a 3-7377-2H1  |b Koch International Classics 
033 0 0 |a 19940325  |b 3804  |c N4 
035 |a (OCoLC)37137720 
035 |9 AHQ3527AM 
040 |a TXH  |c TXH  |d OBE  |d TXA  |d UtOrBLW 
041 0 |d ger  |e ger  |e eng  |h ger  |g eng 
045 1 |b d1814  |b d1790 
048 |b va02  |b vd01  |a vf01  |a ca04  |a oa 
048 |b va01  |a vd01  |a vf01  |a ca04  |a oa 
049 |a TXAV 
090 |a M1530.B4  |b C36 1997 
100 1 |a Beethoven, Ludwig van,  |d 1770-1827. 
240 1 0 |a Glorreiche Augenblick 
245 1 0 |a Cantate Der glorreiche Augenblick :  |b The glorious moment : op. 136 ; Cantate auf die Erhebung Leopold des Zweiten zur Kaiserwürde = Cantata on the elevation of Leopold II to the imperial dignity : WoO 88. 
246 3 0 |a Glorious moment 
246 3 0 |a Cantate auf die Erhebung Leopold des zweiten zur Kaiserwürde 
246 3 0 |a Auf die Erhebung Leopold des zweiten zur Kaiserwürde 
246 3 0 |a Cantata on the elevation of Leopold II to the imperial dignity 
264 1 |a Port Washington, N.Y. :  |b Koch International Classics,  |c [1997] 
264 4 |c ℗1997 
300 |a 1 sound disc :  |b digital ;  |c 4 3/4 in. 
306 |a 003507  |a 002401 
336 |a performed music  |b prm  |2 rdacontent 
337 |a audio  |b s  |2 rdamedia 
338 |a audio disc  |b sd  |2 rdacarrier 
500 |a Compact disc. 
511 0 |a Deborah Voigt and (in the 1st work) Elizabeth Futral, sopranos ; Gregory Cross, tenor ; Jan Opalach, bass-baritone ; Collegiate Chorale ; Orchestra of St. Luke's ; Robert Bass, conductor. 
518 |a Recorded in concert Mar. 25, 1994, at Carnegie Hall. 
500 |a Durations: 35:07; 24:01. 
500 |a Program notes and texts with English translations ([32] pages : ports.) inserted in container. 
500 |a Sound recording. 
650 0 |a Cantatas, Secular. 
600 0 0 |a Leopold  |b II,  |c Holy Roman Emperor,  |d 1747-1792  |x Songs and music. 
700 1 |a Voigt, Deborah,  |e vocalist. 
700 1 |a Futral, Elizabeth,  |e vocalist. 
700 1 |a Cross, Gregory,  |e vocalist. 
700 1 |a Opalach, Jan,  |e vocalist. 
700 1 |a Bass, Robert,  |d 1953-2008,  |e conductor. 
700 1 2 |a Beethoven, Ludwig van,  |d 1770-1827.  |t Kantate auf die Erhebung Leopolds II. zur Kaiserwürde. 
710 2 |a Collegiate Chorale,  |e performer. 
710 2 |a Orchestra of St. Luke's,  |e performer. 
948 |a c:jlg 
999 |a MARS 
999 f f |s 2e0fee03-1626-3ab9-93e4-5b47ca9d60ed  |i 84edfe38-e71e-3323-827a-d67ebdee1ae4  |t 0 
952 f f |p ric  |a Texas A&M University  |b Rellis Campus  |c Joint Library Facility  |d Remote Storage  |t 0  |e M1530.B4 C36 1997  |h Library of Congress classification  |i audio -- audio disc  |m A14823304470 
998 f f |a M1530.B4 C36 1997  |t 0  |l Remote Storage